Films avec Al Pacino - Statistiques

Statistiques générales
  • Ce quiz a été pris 220 fois
  • Le résultat moyen est 6 sur 20
Statistiques - réponses
Personnage Film % Correct
Tony Montana Scarface
98%
Michael Corleone Le Parrain 1, 2 et 3
94%
Franck Serpico Serpico
63%
le lieutenant Vincent Hanna Heat
60%
Carlito Brigante L'Impasse
47%
Benjamin "Lefty" Ruggiero Donnie Brasco
33%
Jimmy Hoffa The Irishman
32%
le lieutenant-colonel Frank Slade Le temps d'un week-end
31%
John Milton L'Associé du Diable
25%
Richard III / lui-même Looking for Richard
21%
détective Will Dormer Insomnia
18%
Sonny Wortzik Un après-midi de chien
15%
Marvin Shwarz Once Upon A Time in Hollywood
8%
Tony d'Amato L'Enfer du dimanche
7%
Alphonse "Big Boy" Caprice Dick Tracy
6%
détective David "Rooster" Fisk La Loi et l'Ordre
4%
Lowell Bergman Révélations
4%
le maire John Pappas City Hall
3%
Walter Burke La Recrue
2%
Willy Bank Ocean's 13
2%
Aucun quiz correspondant
Distribution des résultats
% des personnes avec chaque résultat
Percentile par nombre de réponses
Votre historique - résultats
Vous n’avez pas pris ce quiz